000 00417nam a22001697a 4500
003 OSt
005 20211110102732.0
008 211110b |||||||| |||| 00| 0 eng d
020 _a0444988548
040 _cHAWASSA UNIERSITY
050 _a636.0894/APP
_b2
082 _a636.0894/APP
_b2
245 _aAPPLIED VETERINARY EPIDEMIOLOGY
260 _aNEW YORK
_bELSEVIER
_c1989
300 _a343
942 _2ddc
_cBOOKS
_n0
999 _c17425
_d17425